000 00836nam a2200265 a 4500
999 _c35887
_d35887
005 20190917120104.0
008 071121s2008 nyu 000 1 eng
010 _aB-416774-786
020 _a9781905654338
_c299.00
035 _aB-416774-786
037 _bUBH
040 _adpl
_bEnglish
082 _aN
100 _aCast, P. C.
_921381
245 _aChosen :
_ba house of night novel /
_cby P.C. Cast [and] Kristin Cast
260 _aLondon
_bAtom
_c2009(repr.).
270 _a100 Victoria Embankment
_bLondon
300 _a323p. ;
_c21 cm(pbk)
650 _aVampires
_vFiction.
_921382
655 _aFantasy fiction.
_2gsafd
655 _aOccult fiction.
_2gsafd
700 _aCast, Kristin
_921385
942 _2ddc
_cEN
_mCAS
_hN